Prečo ostávajú družstvá družstvami

Výrobné družstvo Kovotvar v Kútoch. Plány o zmene družstva na spoločnosť s ručením obmedzeným alebo na akciovú spoločnosť. Stanovy družstva ako najvyšší dokument pre správu podniku. Nezáujem o členstvo v družstve. Vytrácanie tejto formy podnikania.

Salvato in:
Dettagli Bibliografici
Autore principale: Žitňanský, Eduard
Natura: Capitolo di libro
Lingua:slovacco
Soggetti:
Tags: Aggiungi Tag
Nessun Tag, puoi essere il primo ad aggiungerne!!

MARC

LEADER 00000naa a2200000 4500
001 0197715
005 20231113083448.0
041 0 |a slo 
044 |a SK 
245 1 0 |a Prečo ostávajú družstvá družstvami  |c Eduard Žitňanský 
520 |a Výrobné družstvo Kovotvar v Kútoch. Plány o zmene družstva na spoločnosť s ručením obmedzeným alebo na akciovú spoločnosť. Stanovy družstva ako najvyšší dokument pre správu podniku. Nezáujem o členstvo v družstve. Vytrácanie tejto formy podnikania. 
610 2 0 |a družstvá 
610 2 0 |a družstvá výrobné 
610 2 0 |a riadenie 
610 2 0 |a správa podniku 
610 2 0 |a zamestnanci 
610 2 0 |a zamestnávatelia 
610 2 0 |a podnikanie 
100 1 |a Žitňanský, Eduard